|
|
|
|
| LEADER |
01522nam a2200313 u 4500 |
| 001 |
10011886 |
| 003 |
GR-PaULI |
| 005 |
20210117204427.0 |
| 008 |
881025s1971 ge gre |
| 040 |
|
|
|a GR-PaULI
|c GR-PaULI
|b gre
|e AACR2
|
| 082 |
0 |
4 |
|a 884.01
|2 23
|
| 082 |
0 |
4 |
|a 880
|
| 100 |
0 |
|
|9 125708
|a Θέογνις,
|d 6ος αιώνας π.Χ.
|e συγγραφέας.
|
| 245 |
1 |
0 |
|a Theognis /
|b
|b
|b
|b
|c post Ernestum Diehl ; iterum edidit Douglas Young.
|
| 260 |
|
|
|a Leipzig :
|b B.G. Teubner,
|c 1971.
|
| 300 |
|
|
|a xxxi, 172 σ. ;
|c 20 εκ.
|
| 490 |
1 |
|
|a Bibliotheca scriptorum graecorum et romanorum Teubneriana
|
| 500 |
|
|
|a
|
| 504 |
|
|
|a
|
| 505 |
|
|
|a Sententiae elegiacae / Theognis -- PS. Pythagoras -- PS. Phocylides -- Chares -- Anonymi aulodia -- Fragmentvm Teliambicum.
|
| 655 |
|
4 |
|a Ελληνική ποίηση, Αρχαία.
|
| 700 |
1 |
|
|a Diehl, Ernst,
|4
|9 129983
|d 1874-1947
|e επιμελητής.
|
| 700 |
1 |
|
|a Young, Douglas,
|4
|9 129984
|d 1913-1973
|e επιμελητής.
|
| 830 |
|
|
|9 161755
|a Bibliotheca scriptorum graecorum et romanorum Teubneriana
|
| 942 |
|
|
|2 ddc
|c BKN
|
| 952 |
|
|
|0 0
|1 0
|2 ddc
|4 0
|6 Π_Σ_884_010000000000000_ΘΕΟ
|7 0
|9 145500
|a LISP
|b LISP
|c REF
|d 2016-04-24
|i 23638
|l 0
|o Π/Σ 884.01 ΘΕΟ
|p 025000092104
|r 2016-04-24 00:00:00
|t 1
|y BKN
|
| 952 |
|
|
|0 0
|1 0
|2 ddc
|4 0
|6 Τ_880_000000000000000_ΘΕΟ
|7 0
|9 145501
|a THST
|b THST
|d 2016-04-24
|i 016196
|l 0
|o Τ 880 ΘΕΟ
|p 025000084703
|r 2016-04-24 00:00:00
|t 2
|v 2016.00
|w 2016-04-24
|y BKN
|
| 998 |
|
|
|c ΜΠΟΥΡΑΣ
|d 2018-01
|
| 999 |
|
|
|c 94737
|d 94737
|